| 000 | 00823aam a2200301 4500 | ||
|---|---|---|---|
| 005 | 20230627160456.0 | ||
| 008 | 150603b2002 xxu||||| |||| 00| 0 spa d | ||
| 041 | _aESP | ||
| 082 | _a005.13 K94c | ||
| 100 |
_aKrutsch, Kenneth _981368 |
||
| 100 |
_aCargo, David _981369 |
||
| 245 | _aComponentes Java para el desarrollo de interfaces de usuario | ||
| 260 | _aEspaña | ||
| 260 | _bANAYA | ||
| 260 | _c2002 | ||
| 300 | _a511 páginas | ||
| 650 |
_aJAVA _981370 |
||
| 650 |
_aLENGUAJES DE PROGRAMACIÓN _981371 |
||
| 650 |
_aINTERNET _981372 |
||
| 650 |
_aCOMPONENTES PERSONALIZADOS _981373 |
||
| 650 |
_aNAVEGADORES _981374 |
||
| 650 |
_aINTERFAZ DE USUARIO _981375 |
||
| 650 |
_aMOVIELINE _981376 |
||
| 650 |
_aTREEPANEL _981377 |
||
| 650 |
_aTABLEPANEL _981378 |
||
| 650 |
_aFRAMEWORK _981379 |
||
| 942 | _cBK | ||
| 999 |
_c1126 _d1126 |
||